|
|
|
|
| LEADER |
01732njm a2200421 a 4500 |
| 001 |
000390389 |
| 003 |
CZ BrMZK |
| 005 |
19980105143423.0 |
| 008 |
980105s1998 xr f cze d |
| 028 |
0 |
3 |
|a SU 5194-4 831
|b Supraphon
|
| 040 |
|
|
|a BOA001
|b cze
|
| 080 |
|
|
|a 885.0-93-343.4(086.7)
|2 MRF
|
| 100 |
1 |
|
|a Macourek, Miloš,
|d 1926-2002
|7 jk01072813
|4 aut
|
| 245 |
1 |
0 |
|a Pohádky.
|n 1
|h [zvukový záznam] /
|c Miloš Macourek ; [hudba Petr Skoumal ; režie Jan Fuchs].
|
| 246 |
3 |
3 |
|a Koberec a pišingrové drobečky
|
| 246 |
3 |
3 |
|a O Kateřince a tlustém červeném svetru
|
| 246 |
3 |
3 |
|a O Konrádovi, který psal nosem
|
| 246 |
3 |
3 |
|a O Kraštůfkovi, který se schoval v mixéru
|
| 246 |
3 |
3 |
|a O makarónech, které šly na procházku
|
| 246 |
3 |
3 |
|a O modrém hrnci, který rád vařil rajskou omáčku
|
| 246 |
3 |
3 |
|a O vodovodu, který zpíval v opeře
|
| 246 |
3 |
3 |
|a Zuzanka a písmenka
|
| 246 |
3 |
3 |
|a Šaty s pávy, housaty a jeleny
|
| 246 |
3 |
3 |
|a Žlutá bunda s pokaženým zipem
|
| 246 |
3 |
3 |
|a Barborka a cucavé bonbóny
|
| 260 |
|
|
|a Praha :
|b Supraphon,
|c p1998
|
| 300 |
|
|
|a 1 MC :
|b stereo, Dolby systém +
|e 1 složený list.
|
| 306 |
|
|
|a 005737
|
| 500 |
|
|
|a Durata 57:37
|
| 500 |
|
|
|a Nahr. 1998
|
| 505 |
2 |
|
|a O Kryštůfkovi, který se schoval v mixéru, O Kateřince a tlustém červeném svetru, Barborka a cucavé bonbóny...[et al.]
|
| 511 |
0 |
|
|a Vypráví Martin Dejdar
|
| 700 |
1 |
|
|a Fuchs, Jan,
|d 1930-2007
|7 jk01032133
|4 drt
|
| 700 |
1 |
|
|a Skoumal, Petr,
|d 1938-2014
|7 jn19990009986
|4 cmp
|
| 700 |
1 |
|
|a Dejdar, Martin,
|d 1965-
|7 jn19990009814
|4 nrt
|
| 910 |
|
|
|a BOA001
|b KZ-0006.873,1
|
| 990 |
|
|
|a AV
|
| 996 |
6 |
|
|b 261H007290
|c KZ-0006.873,1
|l MZK
|r Sklad / do 24 hodin
|n 0
|p p.v.
|w 000390389
|u 000010
|a 1
|e BOA001
|j MZK50
|s P
|